Library of the University of Algiers 3
Ibrahim Sultan Cheibout
شعار جامعة الجزائر 3
مكتبة جامعة الجزائر 3
إبراهيم سلطان شيبوط

الإقتصاد السياسي لحماية حقوق الملكية الفكرية في ظل اتفاق التربسTRIPS / (رقم التسجيلة. 44157)

تفاصيل مارك
000 -LEADER
fixed length control field 01496nam a2200229Ia 4500
003 - CONTROL NUMBER IDENTIFIER
control field Ost
005 - DATE AND TIME OF LATEST TRANSACTION
control field 20260507075353.0
008 - FIXED-LENGTH DATA ELEMENTS--GENERAL INFORMATION
fixed length control field 260507s9999||||xx |||||||||||||| ||und||
020 ## - INTERNATIONAL STANDARD BOOK NUMBER
International Standard Book Number 5196328977
040 ## - CATALOGING SOURCE
Transcribing agency fsecg
041 ## - LANGUAGE CODE
Language code of text/sound track or separate title ara
082 ## - DEWEY DECIMAL CLASSIFICATION NUMBER
Classification number 330
100 ## - MAIN ENTRY--PERSONAL NAME
Personal name عبد الخالق، السيد أحمد
Relator term مؤلف
245 #0 - TITLE STATEMENT
Title الإقتصاد السياسي لحماية حقوق الملكية الفكرية في ظل اتفاق التربسTRIPS /
Statement of responsibility, etc. السيد أحمد عبد الخالق
260 ## - PUBLICATION, DISTRIBUTION, ETC.
Place of publication, distribution, etc. الإسكندرية:
Name of publisher, distributor, etc. دار الجامعة الجديدة,
Date of publication, distribution, etc. 2006
300 ## - PHYSICAL DESCRIPTION
Extent 294 صفحة؛
Other physical details إيضاحات ؛
Dimensions 24 سم
520 ## - SUMMARY, ETC.
Summary, etc. نبذة عن تطور حماية حقوق الملكية الفكرية- خصائص حماية حقوق الملكية الفكرية في اطار التربسTRIPS- دوافع عولمة حماية حقوق الملكية الفكرية- حماية حقوق الملكية الفكرية والمنافسة العالمية- حماية حقوق الملكية الفكرية والبحث العلمي والإبتكار- حماية حقوق الملكية الفكرية والإستثمار الأجنبي- حماية حقوق الملكية الفكرية ونقل التكنولوجيا- حماية حقوق الملكية الفكرية والتنمية الزراعية
653 ## - INDEX TERM--UNCONTROLLED
Uncontrolled term الإقتصاد السياسي
653 ## - INDEX TERM--UNCONTROLLED
Uncontrolled term الملكية الفكرية
653 ## - INDEX TERM--UNCONTROLLED
Uncontrolled term براءة الإختراع
942 ## - ADDED ENTRY ELEMENTS (KOHA)
Koha item type كتب
المقتنيات
Withdrawn status Lost status Source of classification or shelving scheme Damaged status Not for loan Home library Current library Date acquired Serial enumeration / chronology Inventory number Total checkouts Full call number Barcode Date last seen Price effective from Koha item type
    Dewey Decimal Classification   NOT LOAN / إعارة داخلية مكتبة كلية العلوم الإقتصادية والعلوم التجارية وعلوم التسيير مكتبة كلية العلوم الإقتصادية والعلوم التجارية وعلوم التسيير 07/05/2026 الطابق الأرضي 25076   أ/4214ن1 25076 07/05/2026 07/05/2026 كتب
    Dewey Decimal Classification   Available مكتبة كلية العلوم الإقتصادية والعلوم التجارية وعلوم التسيير مكتبة كلية العلوم الإقتصادية والعلوم التجارية وعلوم التسيير 07/05/2026 الطابق الأرضي 25077   أ/4214ن2 25077 07/05/2026 07/05/2026 كتب
    Dewey Decimal Classification   Available مكتبة كلية العلوم الإقتصادية والعلوم التجارية وعلوم التسيير مكتبة كلية العلوم الإقتصادية والعلوم التجارية وعلوم التسيير 07/05/2026 الطابق الثاني 25078   أ/4214ن3 25078 07/05/2026 07/05/2026 كتب

موارد الويب المفتوحة


© University of Algiers 3 All Rights Reserved
|
Implemented by LECHELAH Riad